Statystyki dla Wszyscy Królowie strzelców w historii Euro.

Kliknij tutaj aby rozwiązać quiz!

Ogólne statystyki

  • Ten quiz został rozwiązany 87 razy
  • Średni wynik to 8 z 28

Statystyki odpowiedzi

RokIlość goliNarodowośćPiłkarz% Poprawnych
20163WaliaBale
89%
19724RFNMuller
74%
19764RFNMuller
74%
20084HiszpaniaVilla
71%
19847FrancjaPlatini
63%
20123ChorwacjaMandzukic
59%
19883Holandiavan Basten
58%
20163HiszpaniaMorata
51%
20123NiemcyGomez
45%
19964AngliaShearer
43%
20044AngliaRooney
42%
20044Holandiavan Nistelrooy
32%
19922HolandiaBergkamp
21%
20123RosjaDzagoev
20%
19922FrancjaPapin
13%
20004SerbiaMilosevic
11%
19922SzwecjaBrolin
8%
19682YugoslaviaDzajic
7%
19602YugoslaviaGalic
4%
19602FrancjaHeutte
4%
19602ZSRRIvanov
4%
19602YugoslaviaJerkovic
4%
19602ZSRRPonedelnik
4%
19803RFNAllofs
3%
19642WęgryBene
1%
19922SzwecjaEriksson
1%
19642WęgryNovak
1%
19642HiszpaniaPereda
1%

Rozkład punktacji

Percentyl według liczby udzielonych odpowiedzi

Procent ludzi z każdym wynikiem

Twoja historia wyników

Nie rozwiązałeś tego quizu